| 000 | 01377cad a22002175a 4500 | ||
|---|---|---|---|
| 001 | L143448 | ||
| 008 | 080509s2008 xxk f 000 0 eng d | ||
| 035 | _a(Sirsi) u143448 | ||
| 041 | 0 | _aeng | |
| 050 | 0 | 4 | _a711.26 $2 18 |
| 110 | 1 |
_aUnited Kingdom _bEnvironment, Food and Rural Affairs Committee _95543 |
|
| 245 | 0 | 0 |
_aFlooding _bfifth report of session 2007-08, volume I _h[electronic resource] |
| 260 |
_aLondon _bUK Parliament _c2008 |
||
| 520 | _aLooks into the summer floods of 2007 and considers measures which could be taken to prevent similar incidents in future. Argues that the severity was worse as previous efforts have focused on river and coastal flooding, rather than surface and groundwater flooding. Suggests regulation of the public drainage and sewerage system to reduce the likelihood of such an impact happening again. Favours the Government's Water Strategy Policy aimed at paving with more porous materials, and greater use of sustainable urban drainage systems. Argues for a long-term view and exploratory studies. | ||
| 521 | 2 | _aAdvanced | |
| 590 | _aKA NTK | ||
| 651 | 4 |
_aUnited Kingdom _y |
|
| 690 | _aENVIRONMENTAL AND LAND CONSULTANCY-WATER RESOURCE MANAGEMENT-FLOODING | ||
| 856 | 4 | 0 |
_uhttps://www.parliament.the-stationery-office.co.uk/pa/cm200708/cmselect/cmenvfru/49/49.pdf _zView the item free of charge at www.parliament.uk |
| 942 | _n0 | ||
| 999 |
_c108159 _d108159 |
||